Hỏi đáp về khí tượng
Gorde:
| Egile nagusia: | |
|---|---|
| Formatua: | Liburua |
| Hizkuntza: | Undetermined |
| Argitaratua: |
Nghệ An
Nghệ An
2003
|
| Gaiak: | |
| Etiketak: |
Etiketa erantsi
Etiketarik gabe, Izan zaitez lehena erregistro honi etiketa jartzen!
|
| Thư viện lưu trữ: | Trung tâm Học liệu Trường Đại học Cần Thơ |
|---|
| LEADER | 00491nam a2200181Ia 4500 | ||
|---|---|---|---|
| 001 | CTU_61988 | ||
| 008 | 210402s9999 xx 000 0 und d | ||
| 020 | |b 20000 | ||
| 082 | |a 551.5 | ||
| 082 | |b Ph431 | ||
| 100 | |a Nguyễn Văn Phòng | ||
| 245 | 0 | |a Hỏi đáp về khí tượng | |
| 245 | 0 | |c Nguyễn Văn Phòng | |
| 260 | |a Nghệ An | ||
| 260 | |b Nghệ An | ||
| 260 | |c 2003 | ||
| 650 | |a meteorology | ||
| 980 | |a Trung tâm Học liệu Trường Đại học Cần Thơ | ||